Statement showing financial forecast of important schems of govt. involving transsaction of a commercial or semi- commercial nature (Record no. 517654)

MARC details
000 -LEADER
fixed length control field 00782nam a2200229Ia 4500
003 - CONTROL NUMBER IDENTIFIER
control field OSt
005 - DATE AND TIME OF LATEST TRANSACTION
control field 20220925191220.0
008 - FIXED-LENGTH DATA ELEMENTS--GENERAL INFORMATION
fixed length control field 220923b |||||||| |||| 00| 0 eng d
037 ## - SOURCE OF ACQUISITION
Terms of availability General Book
040 ## - CATALOGING SOURCE
Original cataloging agency RTL
Transcribing agency RTL
Language of cataloging eng
041 ## - LANGUAGE CODE
Source of code eng
Language code of text/sound track or separate title eng
110 ## - MAIN ENTRY--CORPORATE NAME
Corporate name or jurisdiction name as entry element Government of Maharashtra
9 (RLIN) 240989
245 #0 - TITLE STATEMENT
Title Statement showing financial forecast of important schems of govt. involving transsaction of a commercial or semi- commercial nature
260 ## - PUBLICATION, DISTRIBUTION, ETC.
Place of publication, distribution, etc. Bombay
Name of publisher, distributor, etc. Govt. of Maharashtra India
Date of publication, distribution, etc. 1988
300 ## - PHYSICAL DESCRIPTION
Extent 1454p
Dimensions cm.
700 ## - ADDED ENTRY--PERSONAL NAME
Personal name Government of Maharashtra
9 (RLIN) 240990
942 ## - ADDED ENTRY ELEMENTS (KOHA)
Classification part X9(Kz31:71): 6.N89<--N88, M9
Koha item type General Books
Source of classification or shelving scheme Colon Classification (CC)

No items available.

Copyright @ Delhi University Library System